Thiết kế và lắp ráp thiết bị tàu thủy

Đã lưu trong:
Sonraí Bibleagrafaíochta
Príomhúdar: Nguyễn, Văn Cường
Formáid: Leabhar
Teanga:Undetermined
Foilsithe: Hà Nội Khoa học Kỹ thuật 2000
Ábhair:
Clibeanna: Cuir Clib Leis
Gan Chlibeanna, Bí ar an gcéad duine leis an taifead seo a chlibeáil!
Thư viện lưu trữ: Trung tâm Học liệu Trường Đại học Cần Thơ
LEADER 00614nam a2200205Ia 4500
001 CTU_63246
008 210402s9999 xx 000 0 und d
020 |b 65000 
082 |a 623.82 
082 |b C561 
100 |a Nguyễn, Văn Cường 
245 0 |a Thiết kế và lắp ráp thiết bị tàu thủy 
245 0 |c Nguyễn Văn Cường 
260 |a Hà Nội 
260 |b Khoa học Kỹ thuật 
260 |c 2000 
650 |a Naval architecture,Ships 
650 |x Equipment and supplies 
904 |i Minh 
980 |a Trung tâm Học liệu Trường Đại học Cần Thơ